02178cam a22002655a 4500999001700000005001700017008004100034020001800075040004200093043001200135082002200147100002600169245005800195260006700253300003200320490004400352504005100396505028100447520089700728650005801625651005701683653002201740942000801762952014201770 c27273d2724420190327135750.0170914t2018 enka frb 001 0 eng d a9781107624474 aIEN/DLCbengcIENdEG-ScBUEdEG-ScBUE afb-----04a306.0967bBAR2221 aBarber, Karin,d1949-12aA history of African popular culture /cKarin Barber. aCambridge ;aNew York :bCambridge University Press, cc.2018. ax, 201 p. :bill. ;c24 cm.0 aNew approaches to African history ;v11 aIncludes bibliographical references and index.0 aIntroduction -- Popular culture before 1900 -- Mines, migrant labour and township culture -- The city and the road -- The crowd, the state - and songs -- The media - globalisation and deregulation from the 1990s till today -- Conceptualising change in African popular culture. aPopular culture in Africa is the product of everyday life: the unofficial, the non-canonical. And it is the dynamism of this culture that makes Africa what it is. In this book, Karin Barber offers a journey through the history of music, theatre, fiction, song, dance, poetry, and film from the seventeenth century to the present day. From satires created by those living in West African coastal towns in the era of the slave trade, to the poetry and fiction of townships and mine compounds in South Africa, and from today's East African streets where Swahili hip hop artists gather to the juggernaut of the Nollywood film industry, this book weaves together a wealth of sites and scenes of cultural production. In doing so, it provides an ideal text for students and researchers seeking to learn more about the diversity, specificity and vibrancy of popular cultural forms in African history. 7aPopular culturezAfrica, Sub-SaharanxHistory.2BUEsh 7aAfrica, Sub-SaharanxSocial life and customs.2BUEsh bBUSBOLcMarch2019 2ddc 00102ddc40708AlahramaMAINbMAINc1STd2019-03-20ePurchaseg469.00h526l0o306.0967 BARp000043273r2021-08-18 00:00:00v586.25yBB